Náklady a jich snižovanie ve strojírenském průmyslu

Salvato in:
Dettagli Bibliografici
Natura: Libro
Lingua:ceco
Pubblicazione: Praha Tiskové podniky-Průmyslová služba 1950
Tags: Aggiungi Tag
Nessun Tag, puoi essere il primo ad aggiungerne!!

MARC

LEADER 00000nam a2200000 4500
001 0268704
005 20240822101712.6
041 0 |a cze 
044 |a -CS 
245 1 0 |a Náklady a jich snižovanie ve strojírenském průmyslu  |c N.S. Burmistrov 
264 1 |a Praha  |b Tiskové podniky-Průmyslová služba  |c 1950